Sổ tay thiết kế cơ khí : (Trọn bộ 3 tập)
Sách giới thiệu các yếu tố cơ bản của truyền động cơ khí gồm 9 chương với các nội dung về trục tâm và trục truyền, ổ trục, khớp nối trục, truyền động bánh răng, truyền động trục vít, truyền động xích, truyền động đại, truyền động...
Đã lưu trong:
| Hovedforfatter: | |
|---|---|
| Format: | Bog |
| Sprog: | Undetermined |
| Udgivet: |
Hà Nội
Khoa học và Kỹ thuật
2007
|
| Fag: | |
| Tags: |
Tilføj Tag
Ingen Tags, Vær først til at tagge denne postø!
|
| Thư viện lưu trữ: | Trung tâm Học liệu Trường Đại học Cần Thơ |
|---|
| LEADER | 01120nam a2200229Ia 4500 | ||
|---|---|---|---|
| 001 | CTU_149061 | ||
| 008 | 210402s9999 xx 000 0 und d | ||
| 020 | |c 144000 | ||
| 082 | |a 621.82 | ||
| 082 | |b V510/T.2 | ||
| 100 | |a Hà, Văn Vui | ||
| 245 | 0 | |a Sổ tay thiết kế cơ khí : | |
| 245 | 0 | |b (Trọn bộ 3 tập) | |
| 245 | 0 | |c Hà Văn Vui, Nguyễn Chỉ Sáng | |
| 260 | |a Hà Nội | ||
| 260 | |b Khoa học và Kỹ thuật | ||
| 260 | |c 2007 | ||
| 520 | |a Sách giới thiệu các yếu tố cơ bản của truyền động cơ khí gồm 9 chương với các nội dung về trục tâm và trục truyền, ổ trục, khớp nối trục, truyền động bánh răng, truyền động trục vít, truyền động xích, truyền động đại, truyền động vít - đai ốc, truyền động bánh cóc và mối ghép tháo được. | ||
| 650 | |a Machine parts | ||
| 650 | |x Design and construction | ||
| 904 | |i Giang | ||
| 980 | |a Trung tâm Học liệu Trường Đại học Cần Thơ | ||